000 00552nam a2200181Ia 4500
008 100917s9999 xx 000 0 und d
082 _b42057
100 _aटिळक अशोक देवदत्त
245 _aटिळकांची कविता
260 _bवागरिक छापखाना
_c1971
300 _a48
365 _b3
520 _aकविता
630 _aटिळकांची कविता
650 _aकविता
730 _aटिळकांची कविता
942 _cBOOK
999 _c647451
_d647448